000 00896nas a2200289 4500
001 BR0500818
003 BR-BrBNA
005 20231205105150.0
007 ta
008 230509b bl.|||p| |||| 00| 00por d
040 _aBR-BrBNA
_bpor
_cBiblioteca Nacional de Agricultura
041 _a(Pt)
072 _aL73; L70
100 1 _aFigueiredo, H.C.P.
100 1 _aPereira Júnior, D.J.
100 1 _aNogueira, R.B.
100 1 _aCosta, P.R. dos S.
245 1 _aExcreção de oocistos de Cryptosporidium parvum em cães saudáveis das cidades de Lavras e Viçosa, Estado de Minas Gerais, Brasil
650 _aCÃO
650 _aCOCCÍDEO
650 _aFEZES
650 _aELISA
650 _aMINAS GERAIS
773 0 _tCiência Rural (Brazil)
_xISSN 0103-8478
_g(Sep-Oct 2004), v. 34(5) p. 1625-1627
_wBR0500818
909 _a202311
_bLúcia
_c55
_dLúcia Elande
942 _2AGRIS
_n0
_cANA
999 _c181563
_d181563